Foundations of Finance (Record no. 5390)

MARC details
005 - DATE AND TIME OF LATEST TRANSACTION
control field 20250626141958.0
020 ## - INTERNATIONAL STANDARD BOOK NUMBER
International Standard Book Number 0-13-185605-7
082 ## - DEWEY DECIMAL CLASSIFICATION NUMBER
Classification number 658.15 FOU
245 ## - TITLE STATEMENT
Title Foundations of Finance
250 ## - EDITION STATEMENT
Edition statement 5th E.
260 ## - PUBLICATION, DISTRIBUTION, ETC.
Place of publication, distribution, etc. New York,
Name of publisher, distributor, etc. Pearson,
Date of publication, distribution, etc. 2006.
300 ## - PHYSICAL DESCRIPTION
Extent xxxii, 585p.; ill.; figure, table, picture
Other physical details Glossary & Index
Dimensions 27cm.
700 ## - ADDED ENTRY--PERSONAL NAME
Other authors/Editors KEOWN, A. J.
942 ## - ADDED ENTRY ELEMENTS (KOHA)
Source of classification or shelving scheme Dewey Decimal Classification
Koha item type Books
Holdings
Date last seen Total checkouts Full call number Barcode Cost, replacement price Price effective from Koha item type Lost status Source of classification or shelving scheme Damaged status Not for loan Withdrawn status Home library Current library Shelving location Date acquired Source of acquisition Cost, normal purchase price
06/26/2025   658.15 FOU DOM000763 195000.00 06/26/2025 Books   Dewey Decimal Classification       CBE Dodoma CBE Dodoma General Collection 05/26/2015 Library budget 65000.00
06/27/2025   658.15 FOU DOM000466 195000.00 06/26/2025 Books   Dewey Decimal Classification       CBE Dodoma CBE Dodoma General Collection 05/26/2015 Library budget 65000.00